[Event "Isle of Wight op"]
[Site "Ryde"]
[Date "2024.04.21"]
[Round "5"]
[White "Arkell, Keith C"]
[Black "Grieve, Harry"]
[Result "1/2-1/2"]
[WhiteElo "2362"]
[BlackElo "2477"]
[PlyCount "44"]
[EventDate "2024.04.19"]
[EventType "swiss"]
[EventRounds "5"]
[EventCountry "ENG"]
[SourceTitle "CB17_2024"]
[SourceDate "2024.04.24"]
[SourceVersion "1"]
[SourceVersionDate "2024.04.24"]
[SourceQuality "1"]

1. d4 d5 2. c4 e6 3. cxd5 exd5 4. Nc3 c6 5. Nf3 Nf6 6. Qc2 Bd6 7. Bg5 0-0 8. e3 h6 9. Bh4 Be6 10. Bd3 Nbd7 11. 0-0 Qc7 12. Bg3 Bxg3 13. hxg3 Qd6 14. Ne2 Rfe8 15. Nf4 Bg4 16. Nh2 h5 17. Rfe1 Re7 18. Rab1 g6 19. b4 a6 20. a4 Rae8 21. Rec1 g5 22. Ne2 Kg7 1/2-1/2

[Event "Basel Carnival op"]
[Site "Basel"]
[Date "2024.02.03"]
[Round "2"]
[White "Grieve, Harry"]
[Black "Olarte, Stefan"]
[Result "1-0"]
[WhiteElo "2462"]
[BlackElo "1832"]
[PlyCount "57"]
[EventDate "2024.02.02"]
[EventType "swiss"]
[EventRounds "5"]
[EventCountry "SUI"]
[SourceTitle "CB07_2024"]
[SourceDate "2024.02.14"]
[SourceVersion "1"]
[SourceVersionDate "2024.02.14"]
[SourceQuality "1"]

1. e4 g6 2. d4 Bg7 3. Nf3 a6 4. Bd3 c5 5. dxc5 Qa5+ 6. c3 Qxc5 7. Be3 Qc7 8. Nbd2 Nf6 9. Nc4 Nc6 10. Nb6 Rb8 11. h3 d6 12. a4 Na5 13. 0-0 Be6 14. Nd4 Bc4 15. b4 Bxd3 16. Qxd3 Nc6 17. f4 0-0 18. Nf3 e6 19. Rab1 Rfe8 20. c4 a5 21. bxa5 Nxa5 22. e5 dxe5 23. fxe5 Nh5 24. Qd6 Re7 25. Rfd1 Nc6 26. Bc5 Bf8 27. Qxc7 Rxc7 28. Bd6 Rcc8 29. Nxc8 1-0

[Event "BCF-chT 2324 (4NCL)"]
[Site "England"]
[Date "2024.01.14"]
[Round "4.3"]
[White "Grieve, Harry"]
[Black "Harvey, Marcus Ross"]
[Result "1/2-1/2"]
[WhiteElo "2468"]
[BlackElo "2464"]
[PlyCount "82"]
[EventDate "2023.11.11"]
[EventType "team-tourn"]
[EventRounds "11"]
[EventCountry "ENG"]
[SourceTitle "CB11_2024"]
[SourceDate "2024.03.13"]
[SourceVersion "1"]
[SourceVersionDate "2024.03.13"]
[SourceQuality "1"]
[WhiteTeam "The Sharks"]
[BlackTeam "Wood Green"]
[WhiteTeamCountry "ENG"]
[BlackTeamCountry "ENG"]

1. e4 c6 2. d4 d5 3. e5 Bf5 4. h4 h5 5. c4 dxc4 6. Bxc4 e6 7. Nc3 Be7 8. g3 Nh6 9. Nf3 Bg4 10. Bxh6 Rxh6 11. Be2 Rh8 12. Rc1 g6 13. Qd2 Bxf3 14. Bxf3 Na6 15. a3 Nc7 16. Bg2 Qd7 17. 0-0 Kf8 18. Rfd1 Kg7 19. b4 Rhd8 20. Qb2 Nd5 21. Nxd5 cxd5 22. Rc3 Rdc8 23. Rdc1 a5 24. Rxc8 Rxc8 25. Rxc8 Qxc8 26. bxa5 Qc7 27. a4 Bd8 28. Bh3 Qc6 29. Qb4 Qa6 30. Kg2 Bxa5 31. Qe7 Qb6 32. g4 Qd8 33. Qxd8 Bxd8 34. gxh5 gxh5 35. f4 f5 36. Kg3 Bb6 37. Bf1 Bxd4 38. Be2 Kg6 39. Bb5 Kf7 40. Be2 Kg6 41. Bb5 Kf7 1/2-1/2

[Event "BCF-chT 2324 (4NCL)"]
[Site "England"]
[Date "2024.01.13"]
[Round "3.5"]
[White "Grieve, Harry"]
[Black "Chow, Samuel"]
[Result "1/2-1/2"]
[WhiteElo "2468"]
[BlackElo "2338"]
[PlyCount "93"]
[EventDate "2023.11.11"]
[EventType "team-tourn"]
[EventRounds "11"]
[EventCountry "ENG"]
[SourceTitle "CB11_2024"]
[SourceDate "2024.03.13"]
[SourceVersion "1"]
[SourceVersionDate "2024.03.13"]
[SourceQuality "1"]
[WhiteTeam "The Sharks"]
[BlackTeam "Chessable White Rose II"]
[WhiteTeamCountry "ENG"]
[BlackTeamCountry "ENG"]

1. e4 e6 2. d4 d5 3. Nc3 Bb4 4. e5 c5 5. a3 Bxc3+ 6. bxc3 Ne7 7. Qg4 Qc7 8. Qxg7 Rg8 9. Qxh7 cxd4 10. Ne2 Nbc6 11. f4 dxc3 12. Qd3 d4 13. Nxd4 Nxd4 14. Qxd4 Bd7 15. Rg1 Nf5 16. Qf2 Qc6 17. Bd3 Qd5 18. Be3 Nxe3 19. Qxe3 Rxg2 20. Rxg2 Qxg2 21. Be4 Qxh2 22. 0-0-0 Bc6 23. Bxc6+ bxc6 24. Qd4 Qe2 25. Qxc3 Qe4 26. Qd2 Qf3 27. Qd7+ Kf8 28. Kb2 Qxf4 29. Qd6+ Kg7 30. Rg1+ Kh8 31. Kb1 Qh2 32. Rf1 Kg7 33. Qc7 Rf8 34. Qxa7 Qxe5 35. Qg1+ Kh6 36. Qh1+ Qh5 37. Qxc6 Rb8+ 38. Ka2 Qe5 39. Rh1+ Kg7 40. Rg1+ Kf8 41. Rb1 Rxb1 42. Kxb1 f5 43. a4 Ke7 44. Qb6 f4 45. a5 f3 46. Qb7+ Kd8 47. Qxf3 1/2-1/2

[Event "Titled Tuesday intern op 19th Sep Early"]
[Site "Chess.com INT"]
[Date "2023.09.19"]
[Round "2"]
[White "Grieve, Harry"]
[Black "Bornholdt, Joa Max"]
[Result "1-0"]
[WhiteElo "2455"]
[BlackElo "2269"]
[PlyCount "89"]
[EventDate "2023.09.19"]
[EventType "swiss (blitz)"]
[EventRounds "11"]
[EventCountry "USA"]
[SourceTitle "EXT 2024"]
[Source "ChessBase"]
[SourceDate "2023.10.10"]
[SourceVersion "1"]
[SourceVersionDate "2023.10.10"]
[SourceQuality "1"]

1. e4 e5 2. Nf3 Nc6 3. Bb5 g6 4. d4 exd4 5. Bg5 Be7 6. Bxe7 Qxe7 7. 0-0 Nf6 8. c3 0-0 9. Bxc6 dxc6 10. e5 Nd5 11. Qxd4 Bf5 12. Nbd2 Rad8 13. Rfe1 Rfe8 14. Qxa7 b6 15. Qa4 c5 16. Ne4 Bxe4 17. Qxe4 c6 18. Qg4 h5 19. Qg3 Qd7 20. Re4 Qf5 21. Rae1 Kg7 22. Nh4 Qe6 23. Qg5 Kh7 24. h3 Ne7 25. Qf6 Ng8 26. Qf4 Nh6 27. Nf3 Kg8 28. g4 hxg4 29. hxg4 Kg7 30. Ng5 Qe7 31. Qf6+ Qxf6 32. exf6+ Kf8 33. Nh7+ Kg8 34. Rxe8+ Rxe8 35. Rxe8+ Kxh7 36. f3 Ng8 37. g5 c4 38. a4 b5 39. a5 b4 40. a6 bxc3 41. bxc3 c5 42. a7 Kh8 43. Rxg8+ Kh7 44. Rg7+ Kh8 45. a8Q# 1-0

[Event "San Cristobal op 5th"]
[Site "San Cristobal de La Laguna"]
[Date "2023.08.28"]
[Round "4"]
[White "Grieve, Harry"]
[Black "Perez Guerra, Raul"]
[Result "1-0"]
[WhiteElo "2449"]
[BlackElo "2222"]
[PlyCount "55"]
[EventDate "2023.08.26"]
[EventType "swiss"]
[EventRounds "9"]
[EventCountry "ESP"]
[SourceTitle "EXT 2024"]
[Source "ChessBase"]
[SourceDate "2023.10.10"]
[SourceVersion "1"]
[SourceVersionDate "2023.10.10"]
[SourceQuality "1"]

1. e4 e6 2. d4 d5 3. Nc3 Nf6 4. e5 Nfd7 5. f4 c5 6. Nf3 Nc6 7. Be3 a6 8. a3 Qb6 9. dxc5 Bxc5 10. Na4 Qa5+ 11. b4 Qxa4 12. bxc5 0-0 13. Be2 Rd8 14. 0-0 d4 15. Bf2 Nxc5 16. Nd2 b5 17. Nb3 Nxb3 18. cxb3 Qa5 19. Bd3 Bb7 20. Bh4 Rd7 21. Qh5 h6 22. Rf3 Ne7 23. Rg3 Qd2 24. Rd1 Qb2 25. Bxe7 Rxe7 26. Qxh6 g6 27. Bxg6 fxg6 28. Qxg6+ 1-0

[Event "Ustron op-A"]
[Site "Ustron"]
[Date "2023.08.13"]
[Round "3"]
[White "Grieve, Harry"]
[Black "Domalchuk Jonasson, Aleksandr"]
[Result "1-0"]
[WhiteElo "2449"]
[BlackElo "2412"]
[PlyCount "129"]
[EventDate "2023.08.11"]
[EventType "swiss"]
[EventRounds "9"]
[EventCountry "POL"]
[SourceTitle "CBM 215 Extra"]
[Source "ChessBase"]
[SourceDate "2023.09.30"]
[SourceVersion "1"]
[SourceVersionDate "2023.09.30"]
[SourceQuality "1"]

1. e4 e5 2. Nf3 Nc6 3. Bb5 a6 4. Ba4 Nf6 5. 0-0 Be7 6. Re1 b5 7. Bb3 d6 8. c3 0-0 9. h3 Bb7 10. d4 Re8 11. Ng5 Rf8 12. Nf3 Re8 13. Nbd2 Bf8 14. d5 Nb8 15. a4 Nbd7 16. c4 c6 17. axb5 cxd5 18. cxd5 axb5 19. Rxa8 Qxa8 20. Bc2 Rc8 21. b4 Be7 22. Bd3 Qa4 23. Qxa4 bxa4 24. Nb1 Nb6 25. Ba3 Nfd7 26. Nfd2 Bg5 27. Rc1 Rxc1+ 28. Bxc1 f5 29. f3 Be3+ 30. Kf1 f4 31. Na3 Nb8 32. Nc2 Na6 33. Ke2 Bg1 34. Nb1 Kf7 35. Bd2 Nc8 36. Nc3 a3 37. Na2 Ke7 38. Nxa3 Nc7 39. Nc1 Na7 40. Kf1 Bd4 41. Nb3 Bb6 42. Ke2 Ba6 43. Bxa6 Nxa6 44. Kd3 Kd7 45. Kc4 Nc7 46. b5 Na8 47. Kb4 Bd8 48. Be1 Bb6 49. Nc4 Bg1 50. Ka5 Nc8 51. Bb4 Bf2 52. Nbd2 Kc7 53. Ka6 Kd7 54. Kb7 Nab6 55. Nxb6+ Nxb6 56. Ba5 Na4 57. Nc4 Nc5+ 58. Ka8 Nb3 59. Bb4 Nd4 60. b6 Nb5 61. Ba5 g5 62. b7 Ba7 63. Na3 Nxa3 64. Kxa7 Nb5+ 65. Ka8 1-0

[Event "Titled Tuesday intern op 08th Aug Early"]
[Site "Chess.com INT"]
[Date "2023.08.08"]
[Round "1"]
[White "Donskov, Anatoly"]
[Black "Grieve, Harry"]
[Result "1-0"]
[WhiteElo "2279"]
[BlackElo "2449"]
[PlyCount "125"]
[EventDate "2023.08.08"]
[EventType "swiss (blitz)"]
[EventRounds "11"]
[EventCountry "USA"]
[SourceTitle "EXT 2024"]
[Source "ChessBase"]
[SourceDate "2023.10.10"]
[SourceVersion "1"]
[SourceVersionDate "2023.10.10"]
[SourceQuality "1"]

1. e4 a6 2. d4 c6 3. Bd3 d5 4. Nc3 dxe4 5. Bxe4 Nf6 6. Bf3 Bf5 7. Nge2 e6 8. 0-0 Nbd7 9. Bf4 Be7 10. Ng3 Bg6 11. Re1 0-0 12. a3 Nd5 13. Bd2 Nxc3 14. Bxc3 Nf6 15. b3 a5 16. a4 Qc7 17. Bb2 Rfd8 18. Qe2 Nd5 19. Ne4 Bb4 20. Red1 Rd7 21. c4 Nf4 22. Qe3 Rad8 23. g3 Bxe4 24. Qxe4 Nh3+ 25. Kg2 Ng5 26. Qe3 Nxf3 27. Qxf3 h6 28. Rd3 e5 29. Rad1 exd4 30. Rxd4 Rxd4 31. Rxd4 Rxd4 32. Bxd4 Qd7 33. Bb6 f6 34. h4 Qe6 35. h5 Kf7 36. Qd3 f5 37. Qd8 Qe4+ 38. Kh2 Qf3 39. Qd7+ Be7 40. Bc5 Qxh5+ 41. Kg2 Qg5 42. Bxe7 Qxe7 43. Qxf5+ Kg8 44. Qxa5 Qe4+ 45. Kh2 Qf3 46. Qa8+ Kh7 47. Qxb7 Qxf2+ 48. Kh3 Qf1+ 49. Kg4 Qe2+ 50. Kf4 Qf2+ 51. Ke4 Qxg3 52. a5 c5 53. a6 h5 54. Kd5 h4 55. Kxc5 Qe3+ 56. Kb4 Qe1+ 57. Kb5 h3 58. a7 Qe5+ 59. c5 Qe2+ 60. Kb6 Qe6+ 61. Ka5 h2 62. a8Q Qe5 63. Qe4+ 1-0

[Event "Titled Tuesday intern op 08th Aug Early"]
[Site "Chess.com INT"]
[Date "2023.08.08"]
[Round "2"]
[White "Grieve, Harry"]
[Black "Pershina, Elena"]
[Result "1/2-1/2"]
[WhiteElo "2449"]
[BlackElo "2114"]
[PlyCount "110"]
[EventDate "2023.08.08"]
[EventType "swiss (blitz)"]
[EventRounds "11"]
[EventCountry "USA"]
[SourceTitle "EXT 2024"]
[Source "ChessBase"]
[SourceDate "2023.10.10"]
[SourceVersion "1"]
[SourceVersionDate "2023.10.10"]
[SourceQuality "1"]

1. Nf3 d5 2. a4 c5 3. e3 Nf6 4. d4 e6 5. c4 cxd4 6. exd4 Be7 7. Nc3 0-0 8. c5 b6 9. b4 a5 10. Ba3 axb4 11. Bxb4 bxc5 12. dxc5 Na6 13. Bxa6 Bxa6 14. Nb5 Ne4 15. Rc1 Rc8 16. Qd4 Qe8 17. c6 Bxb4+ 18. Qxb4 Rxc6 19. 0-0 Qa8 20. Ne5 Rxc1 21. Rxc1 Rc8 22. Qa3 f6 23. Nd7 Bxb5 24. Rxc8+ Qxc8 25. axb5 Qxd7 26. b6 Nd6 27. Qa7 Nb7 28. h4 Kf7 29. Qb8 d4 30. Kf1 d3 31. Ke1 d2+ 32. Kd1 Nc5 33. Qa7 Nb7 34. Qb8 Qc6 35. Kxd2 Qxb6 36. Ke2 Qb5+ 37. Kf3 Qd5+ 38. Ke2 Nc5 39. Qc7+ Nd7 40. Qd8 Ne5 41. Qc7+ Nd7 42. Qd8 Kg6 43. Qe8+ Kf5 44. Qh5+ Ke4 45. Qxh7+ Kd4 46. Qxg7 Qe4+ 47. Kf1 Ne5 48. Qxf6 Qb1+ 49. Ke2 Qd3+ 50. Ke1 Qb1+ 51. Ke2 Qc2+ 52. Ke1 Qc1+ 53. Ke2 Qc2+ 54. Ke1 Qc1+ 55. Ke2 Qc2+ 1/2-1/2

[Event "GBR-ch 109th"]
[Site "Leicester"]
[Date "2023.07.28"]
[Round "7"]
[White "Grieve, Harry"]
[Black "Dong, Bao Nghia"]
[Result "1/2-1/2"]
[WhiteElo "2459"]
[BlackElo "2327"]
[PlyCount "120"]
[EventDate "2023.07.22"]
[EventType "swiss"]
[EventRounds "9"]
[EventCountry "ENG"]
[SourceTitle "CBM 215 Extra"]
[Source "ChessBase"]
[SourceDate "2023.09.30"]
[SourceVersion "1"]
[SourceVersionDate "2023.09.30"]
[SourceQuality "1"]

1. e4 e5 2. Nf3 Nc6 3. Bb5 Nf6 4. 0-0 Nxe4 5. d4 a6 6. Ba4 b5 7. Bb3 d5 8. dxe5 Be6 9. c3 Bc5 10. Nbd2 0-0 11. Bc2 Nxf2 12. Rxf2 f6 13. Nf1 Bxf2+ 14. Kxf2 fxe5 15. Kg1 e4 16. Nd4 Qf6 17. Be3 Ne5 18. Nxe6 Qxe6 19. Qe2 Rf7 20. a4 Raf8 21. axb5 axb5 22. Bc5 Rb8 23. Qxb5 Nd7 24. Qa5 h5 25. Qxc7 Rxb2 26. Ne3 Kh7 27. Bd4 Nf6 28. Qg3 Ng4 29. Rc1 Qh6 30. h3 Nf2 31. Rf1 h4 32. Qxf2 Rxf2 33. Rxf2 Kg8 34. Rf1 Qg5 35. c4 dxc4 36. Bxe4 Re2 37. Bd5+ Kh7 38. Be4+ Kg8 39. Bd5+ Kh7 40. Nf5 Qd2 41. Kh1 c3 42. Bxc3 Qxd5 43. Nxh4 Qc4 44. Be1 Rxe1 45. Rxe1 Qxh4 46. Rf1 Kg6 47. Kh2 Kg5 48. Rf3 Kh5 49. Rf5+ Kh6 50. Rf1 Qe4 51. Rf3 Kh5 52. Kg1 Kh4 53. Kh2 Qe5+ 54. Kg1 Qe1+ 55. Kh2 g5 56. Rd3 Kh5 57. Rf3 Kg6 58. g4 Qe5+ 59. Kg2 Qe4 60. Kg3 Qe1+ 1/2-1/2

[Event "GBR-ch 109th"]
[Site "Leicester"]
[Date "2023.07.27"]
[Round "6"]
[White "Claridge Hansen, William"]
[Black "Grieve, Harry"]
[Result "1/2-1/2"]
[WhiteElo "2332"]
[BlackElo "2459"]
[PlyCount "120"]
[EventDate "2023.07.22"]
[EventType "swiss"]
[EventRounds "9"]
[EventCountry "ENG"]
[SourceTitle "CBM 215 Extra"]
[Source "ChessBase"]
[SourceDate "2023.09.30"]
[SourceVersion "1"]
[SourceVersionDate "2023.09.30"]
[SourceQuality "1"]

1. Nf3 d5 2. e3 Nf6 3. c4 e6 4. Nc3 b6 5. b3 Bb7 6. Bb2 Nbd7 7. g3 c5 8. Bg2 d4 9. exd4 cxd4 10. Nb5 d3 11. 0-0 Be7 12. Re1 0-0 13. Re3 Nc5 14. Ne5 Bxg2 15. Kxg2 a6 16. Nd4 Qc7 17. b4 Bd6 18. Ndc6 Ncd7 19. Qf3 Rac8 20. b5 Nxe5 21. Bxe5 Bxe5 22. Rxe5 axb5 23. cxb5 Nd7 24. Rh5 Nc5 25. a4 f5 26. a5 bxa5 27. Rxa5 Qd6 28. Ra7 Rc7 29. Rxc7 Qxc7 30. Rh4 Qb7 31. Rb4 Rc8 32. h4 Ne4 33. Rxe4 fxe4 34. Qxe4 Qd7 35. h5 Rc7 36. f3 Qd6 37. Qa4 Qc5 38. h6 gxh6 39. Qg4+ Qg5 40. Qxe6+ Kg7 41. f4 Qxb5 42. Nd4 Qb7+ 43. Kh2 Rc5 44. Qe8 Qc8 45. Ne6+ Kf6 46. Nd8 Kf5 47. Kh3 h5 48. Qe7 Rc1 49. Qxh7+ Kf6+ 50. Kg2 Qxd8 51. Qh6+ Kf7 52. Qxh5+ Kg7 53. Qg4+ Kf8 54. Qf5+ Ke8 55. Qh5+ Kd7 56. Qd5+ Ke8 57. Qg8+ Kd7 58. Qd5+ Ke8 59. Qg8+ Ke7 60. Qg5+ Kd7 1/2-1/2

[Event "GBR-ch 109th"]
[Site "Leicester"]
[Date "2023.07.26"]
[Round "5"]
[White "Grieve, Harry"]
[Black "Adams, Michael"]
[Result "0-1"]
[WhiteElo "2459"]
[BlackElo "2666"]
[PlyCount "142"]
[EventDate "2023.07.22"]
[EventType "swiss"]
[EventRounds "9"]
[EventCountry "ENG"]
[SourceTitle "CBM 215 Extra"]
[Source "ChessBase"]
[SourceDate "2023.09.30"]
[SourceVersion "1"]
[SourceVersionDate "2023.09.30"]
[SourceQuality "1"]

1. e4 e5 2. Nf3 Nc6 3. Bb5 a6 4. Ba4 Nf6 5. 0-0 Bc5 6. c3 b5 7. Bb3 d6 8. a4 b4 9. d4 Ba7 10. h3 0-0 11. Be3 h6 12. Nbd2 Re8 13. a5 Bd7 14. Re1 bxc3 15. bxc3 exd4 16. cxd4 Nb4 17. d5 Nd3 18. Re2 Bxe3 19. Rxe3 Nc5 20. e5 dxe5 21. Nxe5 Nxb3 22. Nxb3 Bb5 23. Ng4 Nxg4 24. Rxe8+ Qxe8 25. Qxg4 Rd8 26. Qf4 Rxd5 27. Qxc7 Qe4 28. Qc8+ Kh7 29. Qg4 Qd3 30. Qg3 Qxg3 31. fxg3 Rd3 32. Rb1 Bc4 33. Nc5 Rd5 34. Nb3 h5 35. Kf2 Kg6 36. Ke1 Rb5 37. Nd2 Re5+ 38. Kd1 Be2+ 39. Kc2 Rxa5 40. Re1 Re5 41. Nf3 Re6 42. Ra1 Bb5 43. Kc3 Re2 44. g4 hxg4 45. hxg4 f6 46. Kd4 Kf7 47. g5 Rxg2 48. gxf6 Kxf6 49. Rc1 Rg4+ 50. Kd5 Rg3 51. Nd4 Re3 52. Rc8 g5 53. Rf8+ Kg7 54. Nf5+ Kxf8 55. Nxe3 Kf7 56. Ke5 Kg6 57. Nd5 a5 58. Nc3 Bd3 59. Kd4 Bc2 60. Ne2 a4 61. Kc3 Bd1 62. Ng3 Bf3 63. Kb4 Bc6 64. Ne2 Kf6 65. Nd4 Bd7 66. Kc3 g4 67. Nc2 g3 68. Ne3 Bc6 69. Kd2 Kg5 70. Ke2 a3 71. Nc2 a2 0-1

[Event "GBR-ch 109th"]
[Site "Leicester"]
[Date "2023.07.24"]
[Round "3"]
[White "Grieve, Harry"]
[Black "Bates, Richard"]
[Result "1-0"]
[WhiteElo "2459"]
[BlackElo "2324"]
[PlyCount "133"]
[EventDate "2023.07.22"]
[EventType "swiss"]
[EventRounds "9"]
[EventCountry "ENG"]
[SourceTitle "CBM 215 Extra"]
[Source "ChessBase"]
[SourceDate "2023.09.30"]
[SourceVersion "1"]
[SourceVersionDate "2023.09.30"]
[SourceQuality "1"]

1. e4 c5 2. Nf3 e6 3. Nc3 Nc6 4. d4 cxd4 5. Nxd4 Nf6 6. Nxc6 bxc6 7. e5 Nd5 8. Ne4 Bb7 9. Be2 c5 10. 0-0 Qc7 11. Nd6+ Bxd6 12. exd6 Qc6 13. f3 e5 14. c4 Nf4 15. Bxf4 exf4 16. Qd2 0-0 17. Bd3 Rae8 18. Qxf4 Re6 19. Rad1 g6 20. Bc2 Qa6 21. a3 Re2 22. Rf2 Rfe8 23. Rxe2 Rxe2 24. Bd3 Re6 25. Bf1 Qb6 26. Rd2 a5 27. h4 Qd8 28. g3 Qe8 29. Kf2 Bc6 30. Qg5 f5 31. h5 Qf8 32. hxg6 hxg6 33. Bh3 Rxd6 34. Rxd6 Qxd6 35. Bxf5 Qd4+ 36. Kg2 Qxb2+ 37. Kh3 Qh8+ 38. Kg2 Qb2+ 39. Kh3 Qh8+ 40. Kg4 Qd4+ 41. f4 Qd1+ 42. Kh4 Qh1+ 43. Bh3 Kf7 44. Qd8 Qd1 45. Qh8 Qd4 46. Qh7+ Qg7 47. Qxg7+ Kxg7 48. Kg5 d6 49. Be6 Bf3 50. f5 gxf5 51. Kxf5 Bg2 52. g4 Bh3 53. Bd5 Kf8 54. Ke6 Bxg4+ 55. Kxd6 Ke8 56. Be6 Bf3 57. Kxc5 Ke7 58. Bh3 Be2 59. Bf5 Kd8 60. Be6 Kc7 61. Bf7 Bf1 62. Kb5 Kd6 63. Kb6 Bg2 64. c5+ Kd7 65. Bg6 Bh3 66. c6+ Kc8 67. Bd3 1-0

[Event "GBR-ch 109th"]
[Site "Leicester"]
[Date "2023.07.23"]
[Round "2"]
[White "Rudd, Jack"]
[Black "Grieve, Harry"]
[Result "1/2-1/2"]
[WhiteElo "2276"]
[BlackElo "2459"]
[PlyCount "90"]
[EventDate "2023.07.22"]
[EventType "swiss"]
[EventRounds "9"]
[EventCountry "ENG"]
[SourceTitle "CBM 215 Extra"]
[Source "ChessBase"]
[SourceDate "2023.09.30"]
[SourceVersion "1"]
[SourceVersionDate "2023.09.30"]
[SourceQuality "1"]

1. d4 d5 2. c4 e6 3. Nc3 c5 4. cxd5 exd5 5. Nf3 Nf6 6. g3 Nc6 7. Bg2 Be7 8. 0-0 0-0 9. Bg5 c4 10. b3 Qa5 11. Qc2 Bg4 12. e3 Bb4 13. Bxf6 Bxf3 14. Bxf3 Bxc3 15. Rac1 Bd2 16. bxc4 gxf6 17. Rcd1 Bb4 18. Bxd5 Rac8 19. c5 b6 20. Qe4 Rfe8 21. Qg4+ Kf8 22. Qh5 Nd8 23. Qf5 Rc7 24. Qxf6 bxc5 25. dxc5 Bc3 26. Qh6+ Bg7 27. Qxh7 Rxc5 28. Bb3 Rh5 29. Qd3 Ne6 30. Qd6+ Kg8 31. Qd7 Kf8 32. Rc1 Qf5 33. Rc8 Rxc8 34. Qxc8+ Ke7 35. Rd1 Kf6 36. h4 Qc5 37. Bxe6 fxe6 38. Qb7 Qb6 39. Qe4 Re5 40. Qh7 Rxe3 41. fxe3 Qxe3+ 42. Kf1 Qf3+ 43. Ke1 Qe3+ 44. Kf1 Qf3+ 45. Ke1 Qe3+ 1/2-1/2

[Event "Valencia Cuna op 4th"]
[Site "Valencia"]
[Date "2023.07.16"]
[Round "9"]
[White "Grieve, Harry"]
[Black "Moskalenko, Viktor"]
[Result "1/2-1/2"]
[WhiteElo "2459"]
[BlackElo "2436"]
[PlyCount "92"]
[EventDate "2023.07.08"]
[EventType "swiss"]
[EventRounds "9"]
[EventCountry "ESP"]
[SourceTitle "CBM 215 Extra"]
[Source "ChessBase"]
[SourceDate "2023.09.30"]
[SourceVersion "1"]
[SourceVersionDate "2023.09.30"]
[SourceQuality "1"]

1. e4 d6 2. d4 Nf6 3. Nc3 g6 4. Bg5 Bg7 5. Qd2 h6 6. Bh4 Nbd7 7. 0-0-0 g5 8. Bg3 Nh5 9. e5 Nb6 10. Bd3 Be6 11. Qe2 Nxg3 12. hxg3 Qd7 13. f4 0-0-0 14. Nf3 Bg4 15. a4 a5 16. Qe1 c6 17. Ne2 Kc7 18. c4 f6 19. c5 Nd5 20. Qxa5+ Kb8 21. Be4 dxe5 22. dxe5 e6 23. Bxd5 exd5 24. Ned4 fxe5 25. Nxe5 Bxe5 26. fxe5 Bxd1 27. Rxd1 Rde8 28. Re1 h5 29. Qc3 Rhf8 30. b4 Qe7 31. b5 cxb5 32. axb5 Rc8 33. c6 b6 34. e6 Kc7 35. Nc2 Qf6 36. Qd3 Rce8 37. Qxd5 Rd8 38. Qe4 Rfe8 39. Kb1 Rd2 40. Qa4 Qc3 41. Qa7+ Kd6 42. Qd7+ Kc5 43. Re5+ Kc4 44. Re4+ Kc5 45. Re5+ Kc4 46. Re4+ Kc5 1/2-1/2

[Event "Valencia Cuna op 4th"]
[Site "Valencia"]
[Date "2023.07.14"]
[Round "7"]
[White "Grieve, Harry"]
[Black "Stefansson, Hannes"]
[Result "1/2-1/2"]
[WhiteElo "2459"]
[BlackElo "2532"]
[PlyCount "102"]
[EventDate "2023.07.08"]
[EventType "swiss"]
[EventRounds "9"]
[EventCountry "ESP"]
[SourceTitle "CBM 215 Extra"]
[Source "ChessBase"]
[SourceDate "2023.09.30"]
[SourceVersion "1"]
[SourceVersionDate "2023.09.30"]
[SourceQuality "1"]

1. e4 e5 2. Nf3 Nc6 3. Bb5 Nf6 4. 0-0 Nxe4 5. d4 Nd6 6. Bxc6 dxc6 7. dxe5 Nf5 8. Qxd8+ Kxd8 9. h3 Ke8 10. Nc3 h5 11. Bf4 Be7 12. Rad1 Nh4 13. Nxh4 Bxh4 14. Ne2 Be7 15. Nd4 g5 16. Bh2 Rh6 17. Rfe1 Be6 18. f4 Bc5 19. fxg5 Rg6 20. Bf4 Rd8 21. Be3 Bxd4 22. Rxd4 Rxd4 23. Bxd4 Rxg5 24. Kh2 Bd5 25. Rg1 c5 26. Bc3 Be4 27. g4 Bxc2 28. gxh5 Rxh5 29. Rg8+ Kd7 30. Kg3 a5 31. a3 a4 32. h4 Rh6 33. Rf8 Bb3 34. Bd2 Rg6+ 35. Bg5 Rg7 36. Kf4 Bc2 37. h5 Rh7 38. h6 Kc6 39. Kg4 b5 40. Rb8 Bd3 41. Rd8 Bc2 42. Bd2 b4 43. Kg5 bxa3 44. bxa3 c4 45. Bb4 Be4 46. Bd2 Bc2 47. Bb4 Be4 48. Bc3 Bc2 49. Bd2 Be4 50. Ba5 Kb5 51. Bc3 Kc6 1/2-1/2

[Event "BCF-chT 2223 (4NCL)"]
[Site "England"]
[Date "2023.04.29"]
[Round "9.3"]
[White "Grieve, Harry"]
[Black "Arkell, Keith C"]
[Result "1-0"]
[WhiteElo "2410"]
[BlackElo "2413"]
[PlyCount "91"]
[EventDate "2022.10.22"]
[EventType "team-swiss"]
[EventRounds "11"]
[EventCountry "ENG"]
[SourceTitle "EXT 2024"]
[Source "ChessBase"]
[SourceDate "2023.10.10"]
[SourceVersion "1"]
[SourceVersionDate "2023.10.10"]
[SourceQuality "1"]
[WhiteTeam "The Sharks"]
[BlackTeam "Cheddleton"]
[WhiteTeamCountry "ENG"]
[BlackTeamCountry "ENG"]

1. e4 e6 2. d4 d5 3. e5 c5 4. c3 Nc6 5. Nf3 Nge7 6. Na3 cxd4 7. cxd4 Nf5 8. Nc2 Bd7 9. Bd3 Nb4 10. Nxb4 Bxb4+ 11. Bd2 Qa5 12. a3 Bxd2+ 13. Qxd2 Qxd2+ 14. Kxd2 Rc8 15. h4 Ne7 16. h5 h6 17. Rh4 0-0 18. Rc1 Rxc1 19. Kxc1 f6 20. Kd2 Nc6 21. Ke3 fxe5 22. Nxe5 Nxe5 23. dxe5 Rc8 24. Rf4 Be8 25. Bg6 b6 26. Kd2 Bxg6 27. hxg6 Rc7 28. g4 Rd7 29. Kd3 Rc7 30. b3 a5 31. a4 Rb7 32. Kd4 Rc7 33. Rf3 Rc1 34. Rc3 Rd1+ 35. Ke3 Kf8 36. Ke2 Rd4 37. f3 Rb4 38. Rc8+ Ke7 39. Rc7+ Kf8 40. Rf7+ Kg8 41. f4 Rxb3 42. f5 exf5 43. Rb7 Kf8 44. gxf5 Rg3 45. Rb8+ Ke7 46. Rg8 1-0

[Event "San Sebastian op 43rd"]
[Site "San Sebastian"]
[Date "2023.04.06"]
[Round "7"]
[White "Grieve, Harry"]
[Black "Bilych, Olexiy"]
[Result "0-1"]
[WhiteElo "2439"]
[BlackElo "2423"]
[PlyCount "62"]
[EventDate "2023.04.01"]
[EventType "swiss"]
[EventRounds "9"]
[EventCountry "ESP"]
[SourceTitle "CBM 213 Extra"]
[Source "ChessBase"]
[SourceDate "2023.05.31"]
[SourceVersion "1"]
[SourceVersionDate "2023.05.31"]
[SourceQuality "1"]

1. e4 e5 2. Nf3 Nc6 3. Bb5 Nf6 4. d4 Nxd4 5. Nxd4 c6 6. Bc4 exd4 7. Qxd4 b5 8. Bd3 d5 9. Bg5 Be7 10. exd5 0-0 11. Nd2 h6 12. Bxf6 Bxf6 13. Qc5 Re8+ 14. Kf1 cxd5 15. Nb3 Bxb2 16. Rb1 Qf6 17. Bxb5 Ba6 18. Bxa6 Qxa6+ 19. Kg1 Rac8 20. Qxd5 Rxc2 21. h4 Qxa2 22. Rd1 Rb8 23. Rh3 Bf6 24. Rf3 Qa4 25. h5 Qc4 26. Na5 Qc7 27. Rxf6 gxf6 28. Nb3 Qe5 29. Qf3 Rc3 30. Rd3 Rbxb3 31. Rd8+ Kh7 0-1

[Event "San Sebastian op 43rd"]
[Site "San Sebastian"]
[Date "2023.04.04"]
[Round "5"]
[White "Grieve, Harry"]
[Black "De la Cruz Revilla, Miguel"]
[Result "1-0"]
[WhiteElo "2439"]
[BlackElo "2270"]
[PlyCount "53"]
[EventDate "2023.04.01"]
[EventType "swiss"]
[EventRounds "9"]
[EventCountry "ESP"]
[SourceTitle "CBM 213 Extra"]
[Source "ChessBase"]
[SourceDate "2023.05.31"]
[SourceVersion "1"]
[SourceVersionDate "2023.05.31"]
[SourceQuality "1"]

1. e4 c5 2. Nf3 e6 3. Nc3 a6 4. g3 Nc6 5. Bg2 b5 6. d4 cxd4 7. Nxd4 Bb4 8. 0-0 Nge7 9. a4 bxa4 10. Nxa4 0-0 11. Nb3 Ng6 12. h4 Be7 13. f4 Re8 14. h5 Nf8 15. e5 Qc7 16. h6 g6 17. Be3 Rb8 18. Nac5 Nb4 19. Bd4 Rb5 20. c3 Nc6 21. Bf2 Na5 22. Rxa5 Rxa5 23. Nxa5 Bxc5 24. Qa4 Bxf2+ 25. Rxf2 Rd8 26. Nc4 Bb7 27. Qb4 1-0